| 000 | 00973 am a2200253 a 4500 | ||
|---|---|---|---|
| 005 | 20240625110505.0 | ||
| 008 | 100616s1993||||ag a f |||| 001 0 spa d | ||
| 020 | _aS/N | ||
| 041 | _aspa | ||
| 092 |
_c618.9203 _l47 _sLAR |
||
| 100 | 1 |
_aLarguía, A. Miguel. _91205 |
|
| 245 |
_aManual de fisiologia y asistencia respiratoria mecanica neonatal. _bInstructivos y actualizaciones / _cA. Miguel Larguía |
||
| 250 | _a1a ed. | ||
| 260 |
_aBuenos Aires: _bPUMA ; Hospital Materno-Infantil Ramón Sarda; _c1993. |
||
| 300 | _a236 p. | ||
| 500 | _aLarguía, A. M. y Boccaccio, C. (1993). Manual de fisiología y asistencia respiratoria mecánica neonatal. Instructivos y actualizaciones. (1a ed.). Buenos Aires : PUMA ; Hospital Materno-Infantil Ramón Sarda. | ||
| 590 | _aDonación Sr. Plieger | ||
| 653 | _aFisiología | ||
| 653 | _aAsistencia respiratoria | ||
| 653 | _aNeonatología | ||
| 700 | 1 |
_aBoccaccio, Cristina. _91206 |
|
| 930 | _a1680 | ||
| 942 |
_2ddc _cBK |
||
| 999 |
_c379 _d379 |
||